MESTSKÁ KNIŽNICA GIRALTOVCE  - online katalóg 

Posledný pútnik (Record no. 23492)

000 -NÁVESTIE
fixed length control field 01429cam a2200421 ab4500
001 - EVIDENČNÉ ČÍSLO ZÁZNAMU - Kontrolné číslo
control field vtls010684310
005 - DÁTUM A ČAS POSLEDNEJ TRANSAKCIE
control field 20221013130048.0
008 - ÚDAJE S PEVNOU DĹŽKOU – VŠEOBECNÉ INFORMÁCIE
fixed length control field 201207s2015 xo g 000 f slo
020 ## - MEDZINÁRODNÉ ŠTANDARDNÉ ČÍSLO KNIHY (ISBN)
Medzinárodné štandardné číslo knihy (ISBN) 9788081592041
Qualifying information (viazané)
035 ## - Iný štandardný identifikátor
Iný štandardný identifikátor D01B23AB-7C15-4E64-A3BE-0E114A356E71
035 ## - Iný štandardný identifikátor
Iný štandardný identifikátor urn:nbn:sk:snk-am3ib6p
035 ## - Iný štandardný identifikátor
Iný štandardný identifikátor urn:nbn:sk:snk-am00e0nf
040 ## - ZDROJ KATALOGIZÁCIE
Pôvodná katalogizujúca agentúra PPPK
Jazyk katalogizácie slo
Prepisujúca agentúra PPPK
Modifikujúca agentúra SNK
Konvencie popisu AACR2
041 1# - KÓD JAZYKA
Kód jazyka textu/zvukovej stopy alebo samostatných nápisov slo
Kód jazyka originálu a/alebo sprostredkujúcich prekladov textu nor
044 ## - KÓD KRAJINY VYDAVATEĽA/PRODUCENTA
Kód krajiny MARC xo
Kód krajiny ISO SK
072 #7 - KÓD PREDMETOVEJ KATEGÓRIE
Kód predmetovej kategórie 821.11
Pododdiel kódu predmetovej kategórie Germánske literatúry
Zdroj konspekt
080 ## - ČÍSLO MEDZINÁRODNÉHO DESATINNÉHO TRIEDENIA (MDT)
Číslo Medzinárodného desatinného triedenia (MDT) 821.113.4-31
Identifikátor vydania 2011
080 ## - ČÍSLO MEDZINÁRODNÉHO DESATINNÉHO TRIEDENIA (MDT)
Číslo Medzinárodného desatinného triedenia (MDT) (0:82-312.4)
Identifikátor vydania 2011
100 1# - OSOBNÉ MENÁ – VŠEOBECNÉ INFORMÁCIE
Osobné meno Sveen, Gard,
Dátumy súvisiace s menom 1969-
-- 3722
240 10 - UNIFIKOVANÝ NÁZOV
Unifikovaný názov Den siste pilegrimen
Jazyk diela Slovensky
245 10 - NÁZOV
Názov Posledný pútnik
Údaj o zodpovednosti atď. Gard Sveen ; z nórčiny preložila Zuzana Demjánová
246 1# - INÁ FORMA NÁZVU
Zobrazovaný text 1. zväzok série:
Hlavný názov/skrátený názov Tommy Bergmann
250 ## - ÚDAJ O PORADÍ VYDANIA
Údaj o poradí vydania 1. vyd.
260 ## - VYDAVATEĽSKÉ ÚDAJE, DISTRIBÚCIA ATĎ.
Miesto publikovania, distribúcie atď. [Bratislava]
Názov vydavateľa, distibútora atď. Premedia
Dátum publikovania, distribúcie atď. 2015
300 ## - FYZICKÝ POPIS
Rozsah 455
Rozmery 21 cm
490 1# - EDÍCIA
Edícia Labyrint
Zväzok/sekvenčné označenie 11. zv.
500 ## - VŠEOBECNÁ POZNÁMKA
Formátovaná poznámka o obsahu Na obálke: Severská detektívka roku 2014
500 ## - VŠEOBECNÁ POZNÁMKA
Formátovaná poznámka o obsahu Miesto vydania podľa ISBN
500 ## - VŠEOBECNÁ POZNÁMKA
Formátovaná poznámka o obsahu Údaje o sérií prevzaté z 3. dielu série
655 #7 - INDEXAČNÝ TERMÍN – ŽÁNER/FORMA
Údaje o žánri/forme alebo termín, ktorý je prvok fazety nórske romány
Zdroj termínu SNKPH
-- 2134
655 #7 - INDEXAČNÝ TERMÍN – ŽÁNER/FORMA
Údaje o žánri/forme alebo termín, ktorý je prvok fazety detektívne romány
Zdroj termínu SNKPH
-- 1710
655 #7 - INDEXAČNÝ TERMÍN – ŽÁNER/FORMA
Údaje o žánri/forme alebo termín, ktorý je prvok fazety Norwegian fiction
Zdroj termínu SNKPHeng
-- 2136
655 #7 - INDEXAČNÝ TERMÍN – ŽÁNER/FORMA
Údaje o žánri/forme alebo termín, ktorý je prvok fazety Detective novels
Zdroj termínu SNKPHeng
-- 1711
700 1# - PRIDANÝ VSTUP – OSOBNÉ MENO
Osobné meno Demjánová, Zuzana,
Dátumy súvisiace s menom 1977
Kód roly trl
-- 3662
958 ## - Formálny deskriptor
Formálny deskriptor LX
958 ## - Formálny deskriptor
Formálny deskriptor UP
Holdings
Stav stiahnutia (Blokovanie) (Withrawn status) Stav straty Zdroj klasifikácie pre skladovanie Stav poškodenia (Damaged status) Nie pre výpožičky (Not for loan) Spôsob nadobudnutia (Collection code) Trvalé umiestnenie Aktuálne umiestnenie Dátum nadobudnutia Náklady, bežná kúpna cena Inventárne číslo (prírastkové číslo) Celkom výpožičky Full call number Čiarový kód Vypožičaných Dátum posledného výskytu Dátum poslednej výpôžičky Cena s účinnosťou od Typ jednotky Koha
          Kúpa Mestská knižnica Giraltovce Mestská knižnica Giraltovce 2022-10-13 6.00 21824 8 B10607 B10607 2026-07-10 2026-06-10 2026-06-10 2022-10-13 Krásna literatúra pre dospelých

Powered by Koha